=LDR 00000nam 2200000 4500 =001 INLIS000000000023589 =005 20130612122235 =008 ***********************************Ind** =035 ##$$0010-061300000023589 =041 ##$$a Ind =082 ##$$a 616.98 =090 ##$$a 616.98, Tra-t =100 ##$$a Tracy, Diane =245 ##$$a Take this Job =260 ##$$a 2003 $b Surabaya =300 ##$$a xix, 252 hlm., ilus, 23 cm =650 ##$$a Lingkungan kerja =850 ##$$a NBPNMAT